[Event "GER-ch Seniors 50"]
[Site "Hamburg"]
[Date "2018.07.26"]
[Round "6"]
[White "Schierwater, Bernd"]
[Black "Yueksel, Anja"]
[Result "1-0"]
[WhiteElo "1707"]
[BlackElo "1448"]
[PlyCount "119"]
[EventDate "2018.07.21"]
[EventType "swiss"]
[EventRounds "9"]
[EventCountry "GER"]
[SourceTitle "CBM 186 Extra"]
[Source "ChessBase"]
[SourceDate "2018.08.24"]
[SourceVersion "1"]
[SourceVersionDate "2018.08.24"]
[SourceQuality "1"]

1. e4 e5 2. d4 exd4 3. c3 dxc3 4. Bc4 Qe7 5. Nxc3 Nf6 6. Bg5 c6 7. Nge2 d6 8. Qb3 Nbd7 9. 0-0 Ne5 10. Nd4 Nxc4 11. Qxc4 Be6 12. Qa4 Qd7 13. Rad1 Be7 14. e5 Nd5 15. Bxe7 Kxe7 16. exd6+ Qxd6 17. Rfe1 Kd7 18. Ne4 Qe7 19. Nf5 Bxf5 20. Rxd5+ Kc7 21. Rxf5 Rhd8 22. Qa5+ b6 23. Qe5+ Qxe5 24. Rxe5 f6 25. Re7+ Rd7 26. Rxd7+ Kxd7 27. f4 Re8 28. Kf2 f5 29. Ng5 Rxe1 30. Kxe1 h6 31. Nf3 Kd6 32. Kd2 Kd5 33. Kd3 c5 34. h4 c4+ 35. Ke2 Ke4 36. g3 b5 37. h5 b4 38. Nh4 a5 39. Kd2 a4 40. Kc2 b3+ 41. axb3 cxb3+ 42. Kc3 Ke3 43. Nxf5+ Kf3 44. Nxg7 Kg4 45. Kb4 a3 46. Kxa3 Kxg3 47. f5 Kg4 48. f6 Kg5 49. f7 Kf6 50. f8Q+ Ke5 51. Kxb3 Kd5 52. Qf4 Kc5 53. Ne6+ Kd5 54. Nc7+ Kc5 55. Qe5+ Kc6 56. Kc4 Kb7 57. Kc5 Ka7 58. Kc6 Kb8 59. Qe8+ Ka7 60. Qa8# 1-0

[Event "GER-ch rapid (Women)"]
[Site "Erfurt"]
[Date "2017.07.30"]
[Round "9"]
[White "Yueksel, Anja"]
[Black "Zimmer, Elke"]
[Result "0-1"]
[WhiteElo "1342"]
[BlackElo "1970"]
[PlyCount "130"]
[EventDate "2017.07.29"]
[EventType "swiss (rapid)"]
[EventRounds "9"]
[EventCountry "GER"]
[SourceTitle "EXT 2020"]
[Source "ChessBase"]
[SourceDate "2019.10.17"]
[SourceVersion "1"]
[SourceVersionDate "2019.10.17"]
[SourceQuality "1"]

1. e4 e5 2. Nf3 Nc6 3. Bc4 Bc5 4. c3 Nf6 5. d4 exd4 6. cxd4 Bb4+ 7. Nc3 0-0 8. Bg5 d6 9. 0-0 h6 10. Bh4 g5 11. Bg3 Bxc3 12. bxc3 Nxe4 13. Qb3 Na5 14. Qb4 Nxc4 15. Qxc4 Be6 16. Qd3 f5 17. h3 Qf6 18. Rfc1 h5 19. c4 Nxg3 20. fxg3 g4 21. d5 gxf3 22. dxe6 Rae8 23. Qxf3 Rxe6 24. Qxh5 Qd4+ 25. Kh2 Rf7 26. Qg5+ Qg7 27. Qxg7+ Kxg7 28. Rf1 Re4 29. Rf4 b6 30. Raf1 a5 31. a4 Re5 32. g4 Kg6 33. gxf5+ Rexf5 34. Rg4+ Kh6 35. Rxf5 Rxf5 36. Re4 Rc5 37. g4 d5 38. Re6+ Kg5 39. Re5+ Kf4 40. Rxd5 Rxc4 41. Rf5+ Ke4 42. h4 Rxa4 43. h5 Ra2+ 44. Kh3 Ra1 45. Kh4 a4 46. h6 a3 47. Kg5 Rd1 48. h7 Rh1 49. Rf4+ Ke5 50. Ra4 Rxh7 51. Rxa3 Rg7+ 52. Kh4 b5 53. Ra5 c6 54. g5 Kf4 55. Kh5 Rxg5+ 56. Kh6 Rd5 57. Ra1 Ke5 58. Re1+ Kd6 59. Kg6 c5 60. Kf6 c4 61. Re6+ Kc5 62. Re8 Rd3 63. Rc8+ Kb4 64. Ke5 c3 65. Ke4 Rd2 0-1

[Event "Schleswig Holstein-ch Hauptturnier"]
[Site "Ratzeburg"]
[Date "2017.04.12"]
[Round "6.5"]
[White "Yueksel, Anja"]
[Black "Glinzner, Alva"]
[Result "0-1"]
[WhiteElo "1355"]
[BlackElo "1590"]
[PlyCount "62"]
[EventDate "2017.04.08"]
[EventType "swiss"]
[EventRounds "9"]
[EventCountry "GER"]
[SourceTitle "EXT 2022"]
[Source "ChessBase"]
[SourceDate "2021.10.06"]
[SourceVersion "1"]
[SourceVersionDate "2021.10.06"]
[SourceQuality "1"]

1. e4 c5 2. Nf3 e6 3. d4 cxd4 4. Nxd4 a6 5. Nc3 Qc7 6. Be3 Nf6 7. Bd3 b5 8. a3 Bb7 9. f3 Be7 10. Qd2 d6 11. 0-0 0-0 12. Rac1 Nbd7 13. Bg5 Rac8 14. f4 Qb6 15. Nce2 e5 16. c3 exd4 17. cxd4 Rxc1 18. Qxc1 Re8 19. Qe3 Nxe4 20. Bxe4 Bxg5 21. fxg5 Rxe4 22. Qf2 Re7 23. Kh1 Nf8 24. h4 Qc6 25. Nf4 Qe4 26. Kh2 Ne6 27. Nxe6 Qxe6 28. Qf4 Qd5 29. Qf2 Re4 30. Rd1 Rxh4+ 31. Kg3 Qxg5# 0-1